Estadísticas para Goleadores de la Eurocopa por edicion

Haz click aquí para intentar la prueba.

Estadísticas generales

  • Esta prueba ha sido intentada 37 veces
    (30 desde el último reinicio)
  • La puntuación promedio es 10 de 32

Estadísticas de respuestas

EurocopaNacionalidadJugadorG% Correcto
2020PortugalCristiano Ronaldo5
93%
2016FranciaAntoine Griezmann6
81%
2012PortugalCristiano Ronaldo3
81%
2012EspañaFernando Torres3
81%
2008EspañaDavid Villa4
78%
2012ItaliaMario Balotelli3
63%
1976AlemaniaDieter Muller4
56%
1972AlemaniaGerd Muller4
56%
2012CroaciaMario Mandzukic3
56%
1988Paises BajosMarco van Basten5
52%
2012AlemaniaMario Gomez3
41%
1984FranciaMichel Platini9
41%
1996InglaterraAlan Shearer5
33%
2020Rep.ChecaPatrick Shick5
33%
2004Rep.ChecaMilan Baros5
26%
2000Paises BajosPatrick Kluivert5
22%
1964EspañaChus Pereda2
15%
1992Paises BajosDennis Bergkamp3
15%
1992SueciaTomas Brolin3
15%
1992DinamarcaHenrik Larsen3
7%
2012RusiaAlan Dzagoev3
4%
1992AlemaniaKarlheinz Riedle3
4%
1964HungriaDezso Novak2
0%
1968YugoslaviaDragan Dzajic2
0%
1960YugoslaviaDrazan Jerkovic2
0%
1964HungriaFerenc Bene2
0%
1960FranciaFrancois Heutte2
0%
1980AlemaniaKlaus Allofs3
0%
1960YugoslaviaMilan Galic2
0%
2000YugoslaviaSavo Milosevic5
0%
1960URSSValentin Ivanov2
0%
1960URSSViktor Ponedelnik2
0%

Distribución de puntuación

Porcentaje por número respondido

Porcentaje de gente con cada puntuación

Historial de tus puntuaciones

No has intentado esta prueba desde el último reinicio